Process of family groundnut oil extraction (ដំណើរការចំរាញ់ប្រេងសណ្ដែកដីជាលក្ខណះគ្រួសារ) (Record no. 5287)

000 -LEADER
fixed length control field 00535nam a22001577a 4500
003 - CONTROL NUMBER IDENTIFIER
control field OSt
005 - DATE AND TIME OF LATEST TRANSACTION
control field 20151229093955.0
008 - FIXED-LENGTH DATA ELEMENTS--GENERAL INFORMATION
fixed length control field 151229b xxu||||| |||| 00| 0 eng d
040 ## - CATALOGING SOURCE
Transcribing agency RUA
082 ## - DEWEY DECIMAL CLASSIFICATION NUMBER
Classification number AGI KHO 2005 B274 Or.1
100 ## - MAIN ENTRY--PERSONAL NAME
9 (RLIN) 5677
Personal name KHOV, SOKLY.
245 ## - TITLE STATEMENT
Title Process of family groundnut oil extraction (ដំណើរការចំរាញ់ប្រេងសណ្ដែកដីជាលក្ខណះគ្រួសារ)
260 ## - PUBLICATION, DISTRIBUTION, ETC. (IMPRINT)
Place of publication, distribution, etc. Phnom Penh
Name of publisher, distributor, etc. RUA
Date of publication, distribution, etc. 2005
300 ## - PHYSICAL DESCRIPTION
Extent vii, 35p.
Other physical details ill.
Dimensions 29cm.
942 ## - ADDED ENTRY ELEMENTS (KOHA)
Source of classification or shelving scheme
Koha item type AGI
Holdings
Price effective from Date last seen Permanent Location Not for loan Date acquired Source of classification or shelving scheme Koha item type Lost status Withdrawn status Date last checked out Total Checkouts Shelving location Damaged status Barcode Current Location Full call number
2015-12-292015-12-29Library Block B 2015-12-29 AGI    B274 RUA034291Library Block BAGI KHO 2005 B274 Or.1
2015-12-292022-05-11Library Block B 2015-12-29 AGI  2022-03-221B274 RUA034652Library Block BAGI KHO 2005 B274 Or.2
2015-12-292015-12-29Library Block B 2015-12-29 AGI    B274 RUA034357Library Block BAGI KHO 2005 B274 Or.3
2015-12-292017-01-02Library Block B 2015-12-29 AGI  2016-12-281B274 RUA033924Library Block BAGI KHO 2005 B274 Or.4
2015-12-292015-12-29Library Block B 2015-12-29 AGI    B274 RUA035204Library Block BAGI KHO 2005 B274 Or.5
មជ្ឈមណ្ឌលឯការនៃសាកលវិទ្យាល័យភូមិន្ទកសិកម្មចំការដូង

Powered by Koha